000 00592nam a2200193 a 4500
001 000023207
005 20250716131306.0
008 101130s1976 sp a r 000 0 spa d
020 _a8431504285
040 _aDO-SdBNP
_bspa
_cBNPHU
082 _a636.73
_bG633b
100 1 _aGómez Toldrá, Salvador
_947776
245 1 3 _aEl boxer /
_cSalvador Gómez-Toldrá.
260 _aBarcelona, España :
_bDe Vecchi,
_c1976.
300 _a110 p. :
_bil. ;
_c21 cm.
500 _aIncluye notas al pie de las páginas.
650 4 _aPerros trabajadores
_947777
650 0 _aAnimales domésticos
_947778
999 _c22704
_d22704